000 00703nmc a2200253 a 4500
003 AR-BaBNM
005 20251128211258.0
008 093120s1998 ||||||||||||||000 | spa||
020 _a950-860-063-2
040 _cAR-BaBNM
245 1 0 _aMujeres
_bvisiones en el siglo
_n3
260 _aBuenos Aires
_bEdiciones Instituto Movilizador de Fondos Cooperativos C.L.
_c1998
300 _a127 p.
490 0 _aDesde la gente
_vv. 62
504 _aContiene referencias bibliográficas
650 4 _aLITERATURA CONTEMPORANEA
650 4 _aANTOLOGIAS
650 4 _aMUJERES
653 _aNARRATIVA
655 _aLITERATURA
700 1 _aSzwarc, Susana
_eprologuista
942 _cBK
998 _cmartin
999 _c18973
_d18973